000
00252nam a2200097Ia 4500
001
814634
005
20250826171640.0
008
250824s9999 xx 000 0 und d
245
0
_a
ALLAHIN VARLIĞINA BELGELER
_c
ZEKERİYA BEYAZ
260
_b
DESTEK YAYINLARI
999
_c
814634
_d
814634